[Event "Leiria op 5th"]
[Site "Leiria"]
[Date "2017.07.16"]
[Round "5"]
[White "Abreu, Goncalo"]
[Black "Sousa, Ana Joao Rodrigues"]
[Result "0-1"]
[WhiteElo "1384"]
[BlackElo "1151"]
[PlyCount "112"]
[EventDate "2017.07.14"]
[EventType "swiss"]
[EventRounds "5"]
[EventCountry "POR"]
[SourceTitle "EXT 2018"]
[Source "ChessBase"]
[SourceDate "2017.10.13"]
[SourceVersion "1"]
[SourceVersionDate "2017.10.13"]
[SourceQuality "1"]

1. e4 c5 2. Nf3 Nc6 3. c3 Nf6 4. e5 Nd5 5. d4 cxd4 6. cxd4 d6 7. exd6 Qxd6 8. Bc4 g6 9. Ng5 Bg7 10. Qf3 Be6 11. Nxe6 Qxe6+ 12. Be3 Nxd4 13. Qxd5 Qxd5 14. Bxd5 Nc2+ 15. Ke2 Nxe3 16. fxe3 Bxb2 17. Rf1 0-0 18. Rf3 Bxa1 19. h4 e6 20. Be4 f5 21. Bd3 Bf6 22. g3 Rab8 23. e4 Kg7 24. Nd2 b5 25. Nb3 Bc3 26. Nc5 Rfe8 27. Bc2 a5 28. Rxc3 Kf6 29. Nd7+ Ke7 30. Nxb8 Rxb8 31. e5 Rd8 32. Bb3 Rd4 33. Rc7+ Kd8 34. Rxh7 Re4+ 35. Kf3 Rxe5 36. Rh6 a4 37. Bc2 Rc5 38. Bd3 b4 39. Rxg6 b3 40. axb3 a3 41. Rxe6 a2 42. Ra6 Rc3 43. Rxa2 Rxd3+ 44. Kf4 Rxb3 45. Ra7 Ke8 46. h5 Rb4+ 47. Kg5 Rb3 48. h6 Rxg3+ 49. Kf6 f4 50. h7 Rh3 51. Ke6 Rh6+ 52. Kf5 f3 53. Kg5 Rh2 54. Kg4 f2 55. Ra8+ Kd7 56. Rf8 Rxh7 0-1

[Event "Coimbra Queima das Fitas op"]
[Site "Coimbra"]
[Date "2016.04.23"]
[Round "3"]
[White "Abreu, Goncalo"]
[Black "Santos, Ricardo Alexandre L"]
[Result "0-1"]
[WhiteElo "1435"]
[BlackElo "1865"]
[PlyCount "66"]
[EventDate "2016.04.22"]
[EventType "swiss"]
[EventRounds "7"]
[EventCountry "POR"]
[SourceTitle "EXT 2018"]
[Source "ChessBase"]
[SourceDate "2017.10.13"]
[SourceVersion "1"]
[SourceVersionDate "2017.10.13"]
[SourceQuality "1"]

1. e4 d6 2. d4 Nf6 3. Nc3 g6 4. Bc4 Bg7 5. Nge2 0-0 6. Bg5 c6 7. f3 b5 8. Bd3 Bb7 9. Ng3 b4 10. Nce2 c5 11. c3 Nc6 12. dxc5 dxc5 13. Qc2 bxc3 14. bxc3 Qa5 15. 0-0 c4 16. Be3 cxd3 17. Qxd3 Ba6 18. Qc2 Ne5 19. Rad1 Rfc8 20. f4 Nc4 21. Bd4 Ng4 22. Rf3 e5 23. fxe5 Ngxe5 24. Rff1 Rab8 25. Bf2 Bh6 26. Rd5 Rb5 27. Rxb5 Bxb5 28. Nd4 Na3 29. Qb3 Bxf1 30. Nxf1 Nd3 31. Bh4 Qxc3 32. Qd5 Nf4 33. Qd7 Qxd4+ 0-1

[Event "Coimbra op"]
[Site "Coimbra"]
[Date "2014.04.25"]
[Round "2"]
[White "Abreu, Goncalo"]
[Black "Santos, Ines Lima"]
[Result "0-1"]
[WhiteElo "1482"]
[BlackElo "1788"]
[PlyCount "33"]
[EventDate "2014.04.25"]
[EventType "swiss"]
[EventRounds "7"]
[EventCountry "POR"]
[SourceTitle "CBM 160 Extra"]
[Source "ChessBase"]
[SourceDate "2014.07.01"]
[SourceVersion "1"]
[SourceVersionDate "2014.07.01"]
[SourceQuality "1"]

1. e4 e5 2. Nf3 Nc6 3. c3 Nf6 4. Bc4 Bc5 5. d4 exd4 6. b4 Bb6 7. 0-0 0-0 8. e5 Ne4 9. cxd4 d5 10. b5 Nxd4 11. Nxd4 dxc4 12. Bb2 c3 13. Ba3 Bxd4 14. Bxf8 Bxf2+ 15. Kh1 Qh4 16. h3 Bxh3 17. Kh2 0-1